000 00587nam a2200193 a 4500
001 000023258
005 20200930022107.0
008 101201s1970 mx a 000 0 spa d
040 _aDO-SdBNP
_bspa
_cBNPHU
082 _a892.73
_bJ26p
100 1 _aJalil Gibran, Gibran.
_947891
245 1 3 _aEl profeta /
_cGIbran Jalil Gibran ; traducción Leonardo S. Kaim.
260 _aMéxico, D. F. :
_bOrión,
_c1970.
300 _a201 p. :
_bil. ;
_c19 cm.
650 4 _aNovela árabe
_931805
650 4 _aLiteratura árabe
_914213
700 1 _aKaim, Leonardo S.,
_etr.
_931806
049 _aBNGR
999 _c22755
_d22755